| 000 | 01124 a2200241 4500 | ||
|---|---|---|---|
| 003 | Nust | ||
| 005 | 20170207154027.0 | ||
| 010 | _a 00038616 | ||
| 020 | _a0201703939 (alk. paper) | ||
| 040 | _cNust | ||
| 082 | 0 | 0 | _a005.133 |
| 100 | 1 | _aCampione, Mary. | |
| 245 | 1 | 4 |
_aThe Java tutorial:(E-BOOK) _bshort course on the basics / _cMary Campione, Kathy Walrath, Alison Huml. |
| 250 | _a3rd ed. | ||
| 260 |
_aBoston : _bAddison-Wesley, _c2001. |
||
| 300 |
_axi, 580 p. : _bill. ; _c24 cm. _e+ 1 computer laser optical disc (4 3/4 in.) |
||
| 440 | 4 | _aThe Java series | |
| 505 | _aChapter 1. Getting Started Chapter 2. Object-Oriented Programming Concepts Chapter 3. Language Basics Chapter 4. Object Basics and Simple Data Objects Chapter 5. Classes and Inheritance Chapter 6. Interfaces and Packages Chapter 7. Handling Errors Using Exceptions Chapter 8. Threads: Doing Two or More Tasks at Once Chapter 9. I/O: Reading and Writing Chapter 10. User Interfaces That Swing | ||
| 650 | 0 | _aJava (Computer program language) | |
| 651 | _aThe Java tutorial:(E-BOOK) | ||
| 700 | 1 | _aHuml, Alison. | |
| 700 | 1 | _aWalrath, Kathy. | |
| 942 |
_2ddc _cBK |
||
| 999 |
_c191946 _d191946 |
||